000 00962nam0a22002411 4500
001 rc\3967138
005 20130415121107.0
035 _a(NLR Aleph) 007930140
090 _a8213282
_c8213282
100 _a20130415d1956 |||y0rusy50 ca
101 0 _arus
102 _aRU
105 _aa z |||||
200 1 _aСтанок для проверки притирочной поверхности лазового люка паровоза
_eИнформ.-техн. письмо
_fСССР. МПС. Ашхаб. ж. д. ДорНТО, Дом техники, Техн. отд., Служба локомотивного хоз-ва
210 _aАшхабад
_cБ. и.
_d1956
215 _a7 с., 4 л. черт.
_cчерт.
_d21
300 _aВ конце текста сост.: инж. Махно Е.В.
700 1 _aМахно
_bЕ. В.
_4220
801 0 _aRU
_bNLR
_gpsbo
801 1 _aRU
_bELAR
_2rusmarc
852 _aNLR
_jТ88 Г-4/1803
942 _cBOOK
980 _aNB